[Event "NRW-chT U12"]
[Site "Hagen"]
[Date "2001.03.10"]
[Round "2.1"]
[White "Noelle, Stefan"]
[Black "Yilmaz, Adem"]
[Result "0-1"]
[WhiteElo "1001"]
[BlackElo "1041"]
[PlyCount "56"]
[EventDate "2001.03.??"]
[EventType "team"]
[EventRounds "3"]
[EventCountry "GER"]
[SourceTitle "EXT 2003"]
[Source "ChessBase"]
[SourceDate "2002.11.25"]
[SourceVersion "1"]
[SourceVersionDate "2002.11.25"]
[SourceQuality "1"]

1. e4 g6 2. Nc3 Bg7 3. Bc4 d6 4. Nf3 Bg4 5. d3 Nf6 6. Bg5 0-0 7. Qd2 Bxf3 8. gxf3 Nc6 9. 0-0-0 Qd7 10. h4 Nd4 11. Qe3 c5 12. Rdg1 a6 13. Nd5 Qd8 14. c3 Nc6 15. Bh6 Nh5 16. Bxg7 Nxg7 17. h5 b5 18. hxg6 fxg6 19. Nb6+ e6 20. Nxa8 bxc4 21. Qh6 Qf6 22. Qxh7+ Kf7 23. Rh6 Ne5 24. d4 cxd4 25. cxd4 Nd3+ 26. Kc2 Nf4 27. Nc7 Qxd4 28. Rhxg6 Qd3+ 0-1

[Event "GER-chT U12"]
[Site "Verden"]
[Date "2000.12.30"]
[Round "3.3"]
[White "Fuchs, Maria"]
[Black "Noelle, Stefan"]
[Result "0-1"]
[WhiteElo "711"]
[BlackElo "493"]
[PlyCount "88"]
[EventDate "2000.12.26"]
[EventType "team"]
[EventRounds "7"]
[EventCountry "GER"]
[SourceTitle "EXT 2008"]
[Source "ChessBase"]
[SourceDate "2007.11.25"]
[SourceVersion "1"]
[SourceVersionDate "2007.11.25"]
[SourceQuality "1"]
[WhiteTeam "Leipzig Lok Mitte U12"]
[BlackTeam "Brackel U12"]
[WhiteTeamCountry "GER"]
[BlackTeamCountry "GER"]

1. d4 d5 2. c4 c6 3. Nc3 e6 4. e3 Nf6 5. Nf3 Nbd7 6. Bd3 dxc4 7. Bxc4 Bb4 8. 0-0 0-0 9. Qd3 b6 10. e4 Bb7 11. Bb3 Be7 12. Bc2 g6 13. e5 Nd5 14. Nxd5 cxd5 15. Be3 Qc8 16. Bb3 Ba6 17. Qd2 Bxf1 18. Rxf1 b5 19. Bg5 Bxg5 20. Qxg5 Re8 21. Qh6 Nf8 22. Qg5 Qd8 23. Qf4 Qe7 24. h3 a5 25. h4 a4 26. Bc2 Rec8 27. Bd3 b4 28. Kh2 a3 29. b3 Rc3 30. Bb1 Rac8 31. Kg1 Kg7 32. Qg4 Rc1 33. Bd3 Rxf1+ 34. Kxf1 Rc1+ 35. Ke2 Ra1 36. h5 Rxa2+ 37. Ke3 Rb2 38. h6+ Kxh6 39. Qh3+ Kg7 40. Qh1 Rxb3 41. Nd2 Rc3 42. Qa1 Qg5+ 43. Ke2 Qg4+ 44. Kf1 Rxd3 0-1

[Event "GER-chT U12"]
[Site "Verden"]
[Date "2000.12.30"]
[Round "4.3"]
[White "Noelle, Stefan"]
[Black "Gergs, Raphael"]
[Result "1-0"]
[WhiteElo "493"]
[BlackElo "501"]
[PlyCount "79"]
[EventDate "2000.12.26"]
[EventType "team"]
[EventRounds "7"]
[EventCountry "GER"]
[SourceTitle "EXT 2008"]
[Source "ChessBase"]
[SourceDate "2007.11.25"]
[SourceVersion "1"]
[SourceVersionDate "2007.11.25"]
[SourceQuality "1"]
[WhiteTeam "Brackel U12"]
[BlackTeam "Schiffweiler U12"]
[WhiteTeamCountry "GER"]
[BlackTeamCountry "GER"]

1. e4 e5 2. Nf3 Nc6 3. Bc4 Nf6 4. Nc3 Bc5 5. d3 0-0 6. Bg5 h6 7. Bh4 d6 8. h3 Be6 9. Bb3 Bxb3 10. axb3 Nd4 11. 0-0 c6 12. Re1 Qe7 13. Rb1 Bb4 14. Re3 Bxc3 15. bxc3 Nb5 16. Qd2 Qe6 17. d4 d5 18. exd5 cxd5 19. Bxf6 Qxf6 20. Nxe5 Rfe8 21. Ng4 Qc6 22. Rbe1 Re6 23. Qd3 Nxc3 24. Ne5 Qb5 25. Qxc3 Re7 26. Ng4 Ree8 27. Rxe8+ Rxe8 28. Rxe8+ Qxe8 29. Qf3 h5 30. Ne3 Qc6 31. Qxh5 Qc3 32. Qxd5 Qe1+ 33. Nf1 Qc3 34. Qd8+ Kh7 35. d5 Qxc2 36. d6 Qxb3 37. d7 a5 38. Qh4+ Kg6 39. d8Q Qb6 40. Qdg5# 1-0